000 00321pam a2200133 a 4500
020 _c
041 _h
082 _a741.6
_bPIN
100 _aPolly Pinder .
245 _aHow to Draw Animals in Simple Steps
_hTextual Documents
260 _a[s.l]:
_bSearch Press.,
_c2015.
300 _a144:
_bpaper.
930 _a7960
999 _c241750
_d241750